Principles of International Taxation

Medzinárodné zdaňovanie. Medzinárodné dane riadiace sa zásadami určenými na zabezpečenie správneho fungovania daňového systému. Podmienky a pravidlá zdaňovania príjmu upravené rôznymi zákonmi v závislosti od typu príjmu. Druhy daní.

Enregistré dans:
Détails bibliographiques
Auteur principal: Manová, Eva, 1957-
Autres auteurs: Simonidesová, Jana, 1968-
Format: Chapitre de livre
Langue:anglais
Sujets:
Tags: Ajouter un tag
Pas de tags, Soyez le premier à ajouter un tag!

MARC

LEADER 00000naa$a2200000$$$4500
001 0269204
005 20240502074221.5
041 0 |a eng 
044 |a SK 
245 1 0 |a Principles of International Taxation  |c Eva Manová, Jana Simonidesová 
520 |a Medzinárodné zdaňovanie. Medzinárodné dane riadiace sa zásadami určenými na zabezpečenie správneho fungovania daňového systému. Podmienky a pravidlá zdaňovania príjmu upravené rôznymi zákonmi v závislosti od typu príjmu. Druhy daní. 
610 2 0 |a systémy daňové 
610 2 0 |a zdaňovanie medzinárodné 
610 2 0 |a dane 
100 1 |a Manová, Eva, 1957- 
700 1 |a Simonidesová, Jana, 1968-